00825nam a22002297a 4500999001900000005001700019010001500036020002600051035001400077037001300091082000800104100002300112245007500135250001300210260002900223270006500252300003700317500007600354700002300430942002200453952012000475 c158693d15869320181112124316.0 aENG-124480 a9789353062866c259.00 aEN-108012 bDBAD/PUB a150 aMorris, Charles G. aUnderstanding psychology/cby Charles G. Morris [and] Albert A. Maisto a11th ed. aNew DelhibPearsonc2019 a14 Local Shopping Centre, Panchsheel ParkbNew Delhie110017 axi,539p.c26cm. (pbk)bill. pic. aIt includes Glossary, References, Credits, Name Index and Subject Index a Maisto, Albert A. 2ddccENh150mMOR 001040718NFICaDBADbBNd2018-11-12eDBAD/PUBg259.00l0o150 MORpEN-108012r2018-11-12 00:00:00t1v259.00yEN